000 00447cam a2200181ua 4500
001 2711
008 111121n ii |||gr||||Z||||||asm
040 _cMAIN
082 _a891.4513
100 _aBezbaruah, Lakshminath,
_eAuthor.
245 1 1 _aPadum konwari
_cby Lakshminath Bezbaruah
250 _a1st.
260 _aGuahati:
_bSahitya Praksh,989.
300 _a68p:
_c23cm.
653 _aAssamese novel
653 _aPadum konwari
942 _cBK
999 _c2561
_d2561